| Поле | Инд. | ПП | Название | Значение |
|---|---|---|---|---|
| Тип записи | a | |||
| Библиографический уровень | m | |||
| 001 | Контрольный номер | RU/IS/BASE/330444492 | ||
| 005 | Дата корректировки | 20140225212830.3 | ||
| 040 | a | Служба первич. каталог. | НБ ТвГУ | |
| b | Код языка каталог. | rus | ||
| e | Правила каталог. | PSBO | ||
| 041 | 0_ | a | Код языка текста | rus |
| 080 | a | Индекс УДК | 94(55)"19" | |
| 084 | a | Индекс другой классификации/Индекс ББК | Т3(5Ирн)6 | |
| 090 | a | Полочн. индекс | 9(55) | |
| x | Авторский знак | А 23 | ||
| 100 | 1_ | a | Автор | Агаев Семен Львович |
| c | Титул (звания) | д-р ист. наук | ||
| q | Полное имя | Агаев С. Л. | ||
| 245 | 10 | a | Заглавие | Иран |
| b | Продолж. заглавия | внешняя политика и проблемы независимости : 1925-1941 гг. | ||
| c | Ответственность | АН СССР, Ин-т востоковедения, АН АзССР, Ин-т народов Ближнего и Сред. Востока | ||
| 260 | a | Место издания | Москва | |
| b | Издательство | Наука | ||
| c | Дата издания | 1971 | ||
| 300 | a | Объем | 358, [2] с. | |
| 504 | a | Библиография | Библиогр. : с. 344-359 (385 назв.) | |
| 653 | a | Ключевые слова | 20 в. | |
| a | Ключевые слова | Внешняя политика Ирана | ||
| a | Ключевые слова | Иран | ||
| a | Ключевые слова | История Ирана | ||
| a | Ключевые слова | Независимость Ирана | ||
| 901 | t | Тип документа | m | |
| 920 | a | Оператор | Лиси | |
| 954 | a | Дата поступления на обработку | 20100621 |